000 00917nam a2200253 a 4500
001 000014573
005 20250409111603.0
008 100115s2006 dr 001 0 spa d
040 _aDO-SdBNP
_bspa
_cBNPHU
082 _a657.45
_bE77a
100 1 _aEspinal, Rafael Victorio
_932998
245 1 0 _aAuditoría gubernamental integral /
_cRafael Victorio Espinal : prólogo Rafael Montilla Martínez.
260 _aSanto Domingo,
_c2006.
300 _a157 p. ;
_c22 cm.
500 _aIncluye datos biográficos del autor en la contracubierta
504 _aIncluye referencias bibliográficas [p.155-157]
590 _aInventariado, 2018/ YL
650 0 _aAuditoría
_932999
650 4 _aAuditoría financiera
_933000
650 4 _aAuditoría e inspección
_933001
650 4 _aAuditoría
_xNormas
_933002
700 1 _aMontilla Martínez, Rafael
_epról.
_933003
910 _aValidado. Control de calidad MMOLINA
999 _c14160
_d14160